00000000nam##2200000za#4500
0019.625612
003CaOODSP
00520200421163411
007ta
008150406|1999||||xxc|||||     f|0| 0 fre|d
020 |a0-662-86398-4
040 |aCaOODSP|bfre
043 |an-cn---
0861 |aNH18-22/99-115F
1102 |aSociété canadienne d'hypothèques et de logement.
24510|aLigne directrice sur la qualité de l'eau et outils de contrôle de l'eau pour les systèmes résidentiels de réutilisation de l'eau
260 |aOttawa - Ontario : |bSociété canadienne d'hypothèques et de logement |c1999.
300 |a4p. : |btableaux ; |c28 cm.
4901 |aLe point en recherche. Série technique |v99-115
563 |aDépliant
590 |a01-43|b2001-10-26
69107|aQualité de l'eau|2gcpds
69107|aConservation de l'eau|2gcpds
7760#|tLigne directrice sur la qualité de l'eau et outils de contrôle de l'eau pour les systèmes résidentiels de réutilisation de l'eau / |w(CaOODSP)9.607707
830#0|aLe point en recherche. Série technique ;|v99-115|w(CaOODSP)9.513179
986 |aLNH 2267